[Event "EU-ch U16"]
[Site "Rimavska Sobota"]
[Date "1996.??.??"]
[Round "9"]
[White "Smetankin, Stanislav"]
[Black "Solak, Dragan"]
[Result "1/2-1/2"]
[WhiteElo "2385"]
[BlackElo "2435"]

1.e4 c5 2.Nf3 e6 3.d4 cxd4 4.Nxd4 a6 5.Bd3 Nc6 6.Nxc6 dxc6 7.Nd2 e5 8.Nc4 Nf6
9.O-O Qc7 10.Be3 Be6 11.Bb6 Qb8 12.a4 Nd7 13.Be3 b5 14.axb5 axb5 15.Na5 Qc7
16.Nb3 Rxa1 17.Qxa1 Bxb3 18.cxb3 Qb7 19.Rc1 Bd6 20.Qa7 Qxa7 21.Bxa7 Ke7 22.Rxc6 Ra8
23.Be3 b4 24.f3 Ra2 25.Rc2 Ra5 26.Bc4 f6 27.Kf2 h6 28.Ke2 Bc5 29.Rd2 Bxe3
30.Kxe3 Nb6 31.g3 Ra1 32.Rc2 Ra8 33.f4 Rc8 34.Rc1 Rc7 35.h4 g6 36.h5 gxh5
37.Kf3 Kf8 38.fxe5 fxe5 39.Rh1 Nxc4 40.bxc4 Rxc4 41.Rxh5 Kg7 42.Rxe5 Rc2
43.Rb5 Rxb2 44.Kf4 b3 45.Rb7+ Kg6 46.Rb6+ Kg7 47.Rb7+ Kg6 48.Rb6+  1/2-1/2

[Event "Rosario"]
[Site "Rosario"]
[Date "1996.??.??"]
[Round "1"]
[White "Aguerreberry, Claudio"]
[Black "Perez Cascella, Julio"]
[Result "1-0"]
[WhiteElo "2265"]
[BlackElo "2230"]

1.e4 c5 2.Nf3 e6 3.d4 cxd4 4.Nxd4 a6 5.Bd3 Qc7 6.O-O Nf6 7.Nc3 d6 8.a4 Nc6
9.Nb3 b6 10.f4 Be7 11.Qe2 O-O 12.Be3 Bb7 13.Rae1 g6 14.Bd2 d5 15.exd5 Nxd5
16.Nxd5 exd5 17.f5 Bd6 18.Bh6 Bxh2+ 19.Kh1 Ne5 20.Bxf8 Rxf8 21.Nd4 Bg3 22.Ra1 Qd8
23.f6 h6 24.Qe3  1-0

[Event "Rosario"]
[Site "Rosario"]
[Date "1996.??.??"]
[Round "2"]
[White "Sanchez Almeyra, Jorge"]
[Black "Perez Cascella, Julio"]
[Result "1-0"]
[WhiteElo "2445"]
[BlackElo "2230"]

1.e4 c5 2.Nf3 e6 3.d4 cxd4 4.Nxd4 a6 5.Bd3 Nf6 6.O-O d6 7.c4 Be7 8.Nc3 O-O
9.Qe2 Qc7 10.f4 Nbd7 11.Kh1 Re8 12.Nf3 e5 13.f5 Rb8 14.Bg5 Nc5 15.Rac1 Nxd3
16.Qxd3 Bd7 17.Rfd1 Bc6 18.b4 Ng4 19.Rd2 Bxg5 20.Nxg5 h6 21.Nf3 Rbd8 22.h3 Nf6
23.Rdd1 b6 24.Nd5 Qb7 25.Qe3 Nd7 26.Nd2 b5 27.f6 Bxd5 28.fxg7 Kxg7 29.cxd5 Rc8
30.Qg3+ Kh7 31.Qf3 Nf8 32.Nb3 Ng6 33.Na5 Qd7 34.Qf6 Rxc1 35.Rxc1 Nf4 36.Rc6  1-0

[Event "Rosario"]
[Site "Rosario"]
[Date "1996.??.??"]
[Round "3"]
[White "Serafino, Dario"]
[Black "Spangenberg, Hugo"]
[Result "1-0"]
[WhiteElo "2325"]
[BlackElo "2505"]

1.e4 c5 2.Nf3 e6 3.d4 cxd4 4.Nxd4 a6 5.Bd3 Bc5 6.Nb3 Ba7 7.Nc3 Nc6 8.Qe2 d6
9.Be3 Bxe3 10.Qxe3 e5 11.O-O-O Be6 12.f4 exf4 13.Qxf4 Nf6 14.Be2 Ne5 15.g4 Nfxg4
16.Nd4 Qf6 17.Nf5 Bxf5 18.exf5 Qh6 19.Qxh6 Nxh6 20.f6 O-O-O 21.fxg7 Rhg8
22.Ne4 d5 23.Nf6 Rxg7 24.Rhe1 d4 25.Bxa6 Nf3 26.Rf1 Nxh2 27.Rh1 bxa6 28.Rxh2 Rg6
29.Rdh1 Nf5 30.Nxh7 Ng3 31.Re1 Rh8 32.Rh3 f5 33.Ng5 Rxh3 34.Nxh3 Rh6 35.Ng5 Rh4
36.b3 Kd7 37.Kb2 Rg4 38.Nf3 Kd6 39.Re8 Rf4 40.Rd8+ Kc5 41.Ng5 Rf2 42.Ne6+ Kb6
43.Rd6+ Kb7 44.Rxd4 Ne4 45.b4 Kb6 46.Rd5 Kc6 47.Rxf5 Rxf5 48.Nd4+ Kd5 49.Nxf5 Kc4
50.a3 a5 51.bxa5 Kb5 52.a6 Kxa6 53.Nd4 Ka5 54.c4 Nd6 55.Kb3 Ne4 56.Nc2 Nc5+
57.Kc3 Ka6 58.Kd4 Kb6 59.Kd5 Na4 60.Ne3 Nc5 61.Nd1 Na4 62.Kd6 Nc5 63.Nc3 Nb7+
64.Kd5 Nc5 65.Ne4 Nd3 66.Kd6 Ka7 67.c5 Kb7 68.c6+ Kc8 69.Nc5 Nb2 70.Kd5 Nd1
71.Ne6 Nc3+ 72.Kc4 Na4 73.Kb4 Nb6 74.a4 Kb8 75.a5 Nc8 76.Kc5 Ka7 77.Nd4 Ka6
78.Nb3 Na7 79.Kd6 Kb5 80.c7 Kb4 81.Kd7  1-0

[Event "Rosario"]
[Site "Rosario"]
[Date "1996.??.??"]
[Round "7"]
[White "Servat, Roberto"]
[Black "Urday, Henry"]
[Result "0-1"]
[WhiteElo "2440"]
[BlackElo "2470"]

1.e4 c5 2.Nf3 e6 3.d4 cxd4 4.Nxd4 a6 5.Bd3 Nf6 6.O-O Qc7 7.Qe2 d6 8.c4 g6
9.Nc3 Bg7 10.Nf3 O-O 11.Rd1 Nbd7 12.Bf4 Nh5 13.Be3 Re8 14.Rac1 b6 15.Qd2 Bf8
16.Bh6 Be7 17.Bg5 Nhf6 18.Qf4 Nh5 19.Qh4 f6 20.Be3 Ne5 21.Be2 Bd7 22.Nd4 Ng7
23.Qg3 Nf7 24.f4 Rab8 25.b4 Rec8 26.a3 Qd8 27.Qf2 f5 28.exf5 gxf5 29.Nf3 Bf6
30.Bd4 Bxd4 31.Nxd4 Qf6 32.Qe3 Rc7 33.Nb3 h6 34.Rc2 Be8 35.Rdc1 Rcc8 36.h3 Bd7
37.Nd2 Kh8 38.Kh2 Bc6 39.Bf3 Bxf3 40.Qxf3 Qg6 41.Ne2 e5 42.c5 bxc5 43.bxc5 e4
44.Qe3 dxc5 45.Rxc5 Rxc5 46.Rxc5 Rd8 47.Nd4 Qf6 48.N2b3 Kg8 49.Qc3 Rd6 50.a4 h5
51.Qc4 h4 52.Rc7 Qg6 53.Kg1 Nh5 54.Nc6 Rd1+ 55.Kf2 Qg3+ 56.Ke2 Qe1+  0-1

[Event "Rosario"]
[Site "Rosario"]
[Date "1996.??.??"]
[Round "8"]
[White "Sanchez Almeyra, Jorge"]
[Black "Urday, Henry"]
[Result "1/2-1/2"]
[WhiteElo "2445"]
[BlackElo "2470"]

1.e4 c5 2.Nf3 e6 3.d4 cxd4 4.Nxd4 a6 5.Bd3 Nf6 6.O-O Qc7 7.Qe2 d6 8.f4 Nbd7
9.Kh1 Nc5 10.Nc3 Be7 11.e5 Nfd7 12.Nf3 Nxd3 13.cxd3 O-O 14.Be3 b5 15.Rac1 Qb8
16.d4 Bb7 17.Bf2 Nb6 18.Ne4 Rd8 19.Bg3 dxe5 20.dxe5 Bd5 21.b3 Qb7 22.Nd6 Bxd6
23.exd6 Rxd6 24.f5 Bxf3 25.Rxf3 Rc6 26.Rxc6 Qxc6 27.f6 gxf6 28.Rxf6 Nd5 29.Rf1 f6
30.h3 Re8 31.Kh2 e5 32.Qg4+ Kh8 33.Qe4 Qe6 34.Bh4 Rf8 35.Rd1 Nf4 36.Bg3 Ng6
37.Qb7 Rf7 38.Rd8+ Kg7 39.Qb8 Rd7 40.Qc8 Re7 41.Qc5 Rb7 42.Rd6 Qe7 43.Qd5 a5
44.a4 bxa4  1/2-1/2

[Event "Sas van Gent op U20"]
[Site "Sas van Gent"]
[Date "1996.??.??"]
[Round "1"]
[White "Solleveld, Maarten"]
[Black "Meyer, Harvey"]
[Result "1-0"]
[WhiteElo "2080"]
[BlackElo "2200"]

1.e4 c5 2.Nf3 e6 3.d4 cxd4 4.Nxd4 a6 5.Bd3 Nf6 6.O-O d6 7.c4 b6 8.Nc3 Bb7
9.Qe2 Nc6 10.Nxc6 Bxc6 11.b3 Be7 12.Bb2 O-O 13.f4 Nd7 14.Rad1 Qc7 15.Bb1 Rad8
16.Nd5 exd5 17.exd5 Bf6 18.dxc6 Qxc6 19.Qd3 g6 20.Bxf6 Nxf6 21.Qd4 d5 22.Rc1 dxc4
23.Qxc4 Qxc4 24.Rxc4 Rfe8 25.h3 Kg7 26.Rc2 a5 27.Rb2 Rd4 28.a3 Nd5 29.g3 h5
30.h4 Re3 31.Kf2 Rc3 32.Re1 Nxf4 33.gxf4 Rxf4+ 34.Ke2 Rxh4 35.Kd2 Rg3 36.Bd3 Rh2+
37.Re2 Rh1 38.b4 Rhh3 39.Bc4 Rxa3 40.bxa5 bxa5 41.Rb7 Rhf3 42.Ree7 Rf2+ 43.Ke1 Raf3
44.Ra7 h4 45.Re4 Rf4 46.Bd5 g5 47.Rxa5 Kg6 48.Ra8 Kh5 49.Rf8 f5 50.Re3 Kg4
51.Bc4 Kh5 52.Rh8+ Kg4 53.Be2+ Rxe2+ 54.Kxe2 Ra4 55.Kf2 Ra2+ 56.Kg1 f4 57.Rb3 f3
58.Rf8 Rg2+ 59.Kh1 Rg3 60.Kh2 Rg2+ 61.Kh1 Rg3 62.Ra3 Rh3+ 63.Kg1 Rg3+ 64.Kf1 h3
65.Ra4+ Kh5 66.Kf2 Rg4 67.Rh8+ Kg6 68.Rxg4  1-0

[Event "Sas van Gent"]
[Site "Sas van Gent"]
[Date "1996.??.??"]
[Round "7"]
[White "Motwani, Paul"]
[Black "Martens, Martin"]
[Result "1/2-1/2"]
[WhiteElo "2490"]
[BlackElo "2405"]

1.e4 c5 2.Nf3 e6 3.d4 cxd4 4.Nxd4 a6 5.Bd3 Nf6 6.O-O d6 7.f4 g6 8.Nc3 Bg7
9.Kh1 O-O 10.Qe2 Qc7 11.Bd2 Nfd7 12.Nf3 Nc6 13.Rae1 b5 14.Qf2 Bb7 15.Qh4 Qd8
16.Qh3 b4 17.Nd1 Nc5 18.Nf2 Bc8 19.e5 Nxd3 20.Nxd3 a5 21.Ng5 h6 22.Ne4 Nd4
23.Nxd6 Nxc2 24.Rc1 Nd4 25.Be3 Nf5 26.Bc5 Nxd6 27.Bxd6 Re8 28.Nc5 Qb6 29.Qf3 Ba6
30.Nxa6 Qxa6 31.Rc6 Qb7 32.Rfc1 Rec8 33.Kg1 Rxc6 34.Qxc6 Qxc6 35.Rxc6 g5
36.g3 Kh7 37.Kf2 Kg6 38.Kf3 h5 39.fxg5 Kxg5 40.Rc7 Kg6 41.Ke4 Bh6 42.Be7 Bf8
43.Bxf8  1/2-1/2

[Event "Schoeneck"]
[Site "Schoeneck"]
[Date "1996.??.??"]
[Round "2"]
[White "Luther, Thomas"]
[Black "Miezis, Normunds"]
[Result "1/2-1/2"]
[WhiteElo "2495"]
[BlackElo "2530"]

1.e4 c5 2.Nf3 e6 3.d4 cxd4 4.Nxd4 a6 5.Bd3 Nc6 6.Nxc6 dxc6 7.Nd2 e5 8.Qh5 Bd6
9.Nc4 Nf6 10.Nxd6+ Qxd6 11.Qe2 Be6 12.O-O Nd7 13.b3 O-O 14.a4 Rfd8 15.Rd1 Qc7
16.a5 Nc5 17.Be3 Qe7 18.Rab1 Nxd3 19.cxd3 Qb4 20.Qd2 Qxd2 21.Rxd2 Rd7 22.Kf1 Rc8
23.b4 f5 24.Ke1 fxe4 25.dxe4 Rcd8 26.Rc1 Kf7 27.Rc5 Kf6 28.f3 Re8 29.h4 h6
30.Ke2 g5 31.hxg5+ hxg5 32.Rxd7 Bxd7 33.Bd2 Ke6 34.Bc3 Kd6 35.Be1 Ke6 36.Bc3 Kd6
37.g4 Re6 38.Bd2 Rg6 39.Be1 Be8 40.Bg3 Re6 41.Ke3 Bf7 42.Rxe5 Rxe5 43.Kd4 Bb3
44.Bxe5+ Ke6 45.Bc7 Bd1 46.Ke3 Kf7 47.Bd8 Kg6 48.Kf2 Kh6 49.Kg3 Kg6 50.e5 Bb3
51.Bf6 Bc2 52.f4 gxf4+ 53.Kxf4 Kf7 54.Ke3 Bd1 55.g5 c5 56.bxc5 Ba4 57.Kd4 Bc6
58.Kc4 Kg6 59.e6 Kf5 60.e7 Ke6 61.Kd4 Kf5 62.Ke3 Ke6 63.Kf4 Be8 64.Kg4 Bg6
65.Kf3 Be8 66.c6 bxc6 67.Ke3 c5 68.Kd3 Bb5+ 69.Kc3 Kf7  1/2-1/2

[Event "Schwaebisch Gmund op"]
[Site "Schwaebisch Gmund"]
[Date "1996.??.??"]
[Round "4"]
[White "Namyslo, Holger"]
[Black "Miezis, Normunds"]
[Result "0-1"]
[WhiteElo "2285"]
[BlackElo "2515"]

1.e4 c5 2.Nf3 e6 3.d4 cxd4 4.Nxd4 a6 5.Bd3 Nc6 6.Nxc6 dxc6 7.Nd2 e5 8.Nc4 Nf6
9.O-O Qc7 10.a4 Bc5 11.Qf3 Be6 12.Bg5 Nd7 13.a5 O-O 14.Qg3 f6 15.Bh6 Rf7
16.Bd2 Ba7 17.Be3 Nc5 18.Nb6 Bxb6 19.axb6 Qe7 20.Ra3 Nxd3 21.cxd3 Qb4 22.Rc3 Qxb2
23.Rfc1 a5 24.d4 a4 25.dxe5 a3 26.R1c2 Qb1+ 27.Rc1 a2 28.exf6 a1=Q 29.Qe5 Qbb2  0-1

[Event "Schwaebisch Gmund op"]
[Site "Schwaebisch Gmund"]
[Date "1996.??.??"]
[Round "4"]
[White "Meijers, Viesturs"]
[Black "Chuchelov, Vladimir"]
[Result "1-0"]
[WhiteElo "2375"]
[BlackElo "2510"]

1.e4 c5 2.Nf3 e6 3.d4 cxd4 4.Nxd4 a6 5.Bd3 Nf6 6.O-O Qc7 7.Re1 d6 8.c4 Be7
9.b3 O-O 10.Bb2 Nbd7 11.Nd2 Re8 12.Rc1 Bf8 13.N4f3 Ng4 14.h3 Nge5 15.Nxe5 dxe5
16.Qc2 b6 17.a3 Nb8 18.b4 a5 19.Bc3 axb4 20.axb4 Nc6 21.Qb2 Qd6 22.Bf1 Nxb4
23.Bxe5 Qe7 24.Ra1 Bb7 25.Bc3 Rxa1 26.Rxa1 Ra8 27.Rxa8 Bxa8 28.e5 Qc5 29.Nf3 Qc7
30.Nd4 Na6 31.Nb5 Qd8 32.Qa1 Nc5 33.Qa7 Ne4 34.Bd4 Bc5 35.Bxc5 Nxc5 36.Nc7 Be4
37.Qxb6 Na4 38.Qd6 Qxd6 39.exd6 Kf8 40.f3 Bc6 41.Kf2 Nc5 42.Ke3 e5 43.f4 f6
44.fxe5 fxe5 45.g3 Kf7 46.Bd3 g6 47.h4 h6 48.Nb5 g5 49.hxg5 hxg5 50.Bf5 Nb7
51.Be4 Bxb5 52.Bd5+ Ke8 53.Bxb7 Bxc4 54.Ke4 Kd7 55.Kxe5 Be2 56.Be4 g4 57.Bf5+  1-0

[Event "Schwaebisch Gmund op"]
[Site "Schwaebisch Gmund"]
[Date "1996.??.??"]
[Round "6"]
[White "Namyslo, Holger"]
[Black "Chuchelov, Vladimir"]
[Result "0-1"]
[WhiteElo "2285"]
[BlackElo "2510"]

1.e4 c5 2.Nf3 e6 3.d4 cxd4 4.Nxd4 a6 5.Bd3 Nf6 6.O-O Qc7 7.Be3 d5 8.Qf3 dxe4
9.Bxe4 Nxe4 10.Qxe4 Nd7 11.Nc3 Nf6 12.Qh4 Be7 13.Rfe1 b5 14.Rad1 Bb7 15.Bf4 Qc4
16.Qh3 Rd8 17.Be5 O-O 18.Rd3 b4 19.b3 Qc8 20.Na4 Nd7 21.Bxg7 Kxg7 22.Nf5+ exf5
23.Qxf5 Qc6 24.Rg3+ Kh8 25.Rxe7 Qf6 26.Qxf6+ Nxf6 27.h3 Bc6 28.Nc5 a5 29.Nd3 Nd5
30.Re5 Rg8 31.Rxg8+ Rxg8 32.g4 Re8 33.Rf5 f6 34.g5 Re6 35.Kh2 Kg7 36.h4 Kg6
37.Rf3 fxg5 38.hxg5 Kxg5 39.Rf8 Nf6 40.Rc8 h5 41.Rc7 Kh4 42.Ra7 Ng4+ 43.Kg1 Ne5
44.Nf4 Nf3+ 45.Kg2 Nd2+ 46.f3 Rf6 47.Kf2 Rxf4 48.Ke3 Rxf3+  0-1

[Event "Schwaebisch Gmund op"]
[Site "Schwaebisch Gmund"]
[Date "1996.??.??"]
[Round "8"]
[White "Klundt, Klaus"]
[Black "Bunk, Karsten"]
[Result "1/2-1/2"]
[WhiteElo "2340"]
[BlackElo "2155"]

1.e4 c5 2.Nf3 e6 3.d4 cxd4 4.Nxd4 a6 5.Bd3 Nc6 6.Nxc6 dxc6 7.Nd2 e5 8.Qh5 Bd6
9.Nc4 Nf6 10.Nxd6+ Qxd6 11.Qh4 Be6 12.O-O Nd7 13.Be3 f6 14.Rfd1 Qe7 15.f3 O-O
16.Qf2 Rfd8 17.Rd2 Qb4 18.c3 Qe7 19.Bc2 c5 20.a4 b5 21.a5 Rac8 22.Rad1 Rc6
23.h3 Rb8 24.Kh2 Rbc8 25.g3 R8c7 26.f4 Nf8 27.f5 Bf7 28.Rd8 h6 29.g4 Kh7
30.Kg3 Nd7 31.Ra8 Rd6 32.Rxd6 Qxd6 33.h4 Qc6 34.Rd8 Rc8 35.Rxc8 Qxc8 36.Qd2 Qc7
37.Bd1 c4 38.Bf3 Nc5 39.g5 hxg5 40.hxg5 fxg5  1/2-1/2

[Event "Schwaebisch Gmund op"]
[Site "Schwaebisch Gmund"]
[Date "1996.??.??"]
[Round "8"]
[White "Ciolac, Gheorghe"]
[Black "Chuchelov, Vladimir"]
[Result "0-1"]
[WhiteElo "2400"]
[BlackElo "2510"]

1.e4 c5 2.Nf3 e6 3.d4 cxd4 4.Nxd4 a6 5.Bd3 Nf6 6.O-O Qc7 7.Qe2 d6 8.a4 Be7
9.a5 O-O 10.Nd2 e5 11.N4b3 Be6 12.f4 exf4 13.Nc4 f3 14.gxf3 Nbd7 15.Ne3 Rfe8
16.Nd4 Bh3 17.Rd1 d5 18.exd5 Bc5 19.c3 Ne5 20.Bf5 Bxf5 21.Nexf5 Nxd5 22.Kh1 Rad8
23.Qg2 Ng6 24.Qg3 Qc8 25.Ra4 Ba7 26.Rg1 Bb8 27.Qh3 Be5 28.Bg5 f6 29.Bc1 Bxd4
30.Rxd4 Re5 31.c4 Qxf5 32.Qxf5 Rxf5 33.Rgd1 Nge7 34.f4 Kf7 35.R4d3 Rc8 36.cxd5 Nxd5
37.Rb3 Rc7 38.Bd2 Ne7 39.Rc1 Rd7 40.Be3 Rxa5  0-1

[Event "Seefeld op"]
[Site "Seefeld"]
[Date "1996.??.??"]
[Round "?"]
[White "Jedinger, Andreas"]
[Black "Joerdens, Detlef"]
[Result "1-0"]
[WhiteElo "2100"]
[BlackElo "1845"]

1.e4 c5 2.Nf3 e6 3.d4 cxd4 4.Nxd4 a6 5.Bd3 Nf6 6.O-O Qc7 7.c4 Be7 8.Nc3 O-O
9.Re1 d6 10.Be3 Nbd7 11.Rc1 b6 12.f3 Bb7 13.Bf1 Rac8 14.Qe2 Qb8 15.Red1 Rfe8
16.Qf2 d5 17.cxd5 exd5 18.exd5 Bxd5 19.Bxa6 Rc5 20.Nf5 Bf8 21.Kh1 Ra5 22.Bb5 Be6
23.Nd4 Qb7 24.a4 Rc8 25.Nxe6 fxe6 26.Ne4 Nd5 27.Bd4 Raa8 28.Qg3 e5 29.Bxe5 Nxe5
30.Qxe5 Rxc1 31.Rxc1 Rd8 32.Bc6 Qe7 33.Bxd5+ Kh8 34.Qxe7 Bxe7 35.Be6 Bc5
36.Nxc5 bxc5 37.h3  1-0

[Event "Seefeld op"]
[Site "Seefeld"]
[Date "1996.??.??"]
[Round "?"]
[White "Luther, Thomas"]
[Black "Mattick, Lutz"]
[Result "1-0"]
[WhiteElo "2495"]
[BlackElo "2275"]

1.e4 c5 2.Nf3 e6 3.d4 cxd4 4.Nxd4 a6 5.Bd3 Qc7 6.O-O Nf6 7.Qe2 d6 8.c4 g6
9.Nc3 Bg7 10.Rd1 O-O 11.Nf3 Nc6 12.h3 b6 13.Be3 Nd7 14.Rac1 Nc5 15.Bb1 Bb7
16.a3 Nb3 17.Rc2 Nca5 18.Ba2 Rac8 19.Nd4 Bxd4 20.Bxd4 e5 21.Be3 b5 22.Qf3 f5
23.c5 dxc5 24.Rcd2 Rf7 25.Nd5 Bxd5 26.Rxd5 f4 27.Bxc5 Nxc5 28.b4 Ne6 29.bxa5 Kg7
30.Rd6 Nd4 31.R6xd4 exd4 32.Bxf7 Qxf7 33.Rxd4 Rc1+ 34.Kh2 Rc4 35.Rd6 Qe7
36.Rxa6 Qxe4 37.Ra7+ Kh6 38.Qg4 f3 39.gxf3 Qe5+ 40.Qg3 Qxg3+ 41.fxg3 Rc2+
42.Kg1 Rc3 43.Kf2 Rxa3 44.h4 b4 45.g4 g5 46.hxg5+ Kg6 47.f4 b3 48.Rb7 Ra2+
49.Kg3 Rxa5 50.Kh4  1-0

[Event "Zhukov mem"]
[Site "Spasskoe"]
[Date "1996.??.??"]
[Round "2"]
[White "Kharitonov, Andrei Y"]
[Black "Totsky, Leonid"]
[Result "1/2-1/2"]
[WhiteElo "2560"]
[BlackElo "2430"]

1.d4 e6 2.Nf3 c5 3.e4 cxd4 4.Nxd4 a6 5.Bd3 Nc6 6.Nxc6 dxc6 7.Nd2 e5 8.Nc4 Ne7
9.O-O Ng6 10.Be3 Be6 11.Qh5 f6 12.Nb6 Rb8 13.Rfd1 Qc7 14.Be2 Qf7 15.Bg4 Be7
16.Nd7 Rd8 17.Nc5 Bxc5 18.Bxc5 Rd7 19.g3 Bxg4 20.Qxg4 Nf8 21.Bxf8 Rxf8 22.b3  1/2-1/2

[Event "Petrov mem"]
[Site "St Petersburg"]
[Date "1996.??.??"]
[Round "2"]
[White "Sulskis, Sarunas"]
[Black "Shaposhnikov, Evgeny"]
[Result "1-0"]
[WhiteElo "2505"]
[BlackElo "2320"]

1.e4 c5 2.Nf3 e6 3.d4 cxd4 4.Nxd4 a6 5.Bd3 Nf6 6.O-O Qc7 7.c4 Nc6 8.Nf3 Be7
9.Nc3 O-O 10.Bg5 d6 11.Rc1 Ng4 12.Qd2 Nge5 13.Be2 Nxf3+ 14.Bxf3 Bxg5 15.Qxg5 Nd4
16.Rfd1 e5 17.Nd5 Qd8 18.Qxd8 Rxd8 19.Rxd4 exd4 20.Nb6 Rb8 21.Rd1 Be6 22.Rxd4 Kf8
23.h4 Ke7 24.Be2 f6 25.f4 g6 26.g4 h6 27.Kf2 g5 28.f5 Bd7 29.h5 a5 30.Rd5 Bc6
31.Rxa5 Bxe4 32.Bf3 Bxf3 33.Kxf3 Re8 34.Nd5+ Kf7 35.Rb5 Rec8 36.b3 Rc5 37.Rb4 Rc6
38.a4 Ra6 39.Ke4 b6 40.Kd4 Rb7 41.Nc3 Ke7 42.Rb5 Ra5 43.Ke4 Rxb5 44.axb5 Rb8
45.Kd5 Ra8 46.Na4 Rxa4 47.bxa4 Kd7 48.Kd4 Kc7 49.Kc3  1-0

[Event "Petrov mem"]
[Site "St Petersburg"]
[Date "1996.??.??"]
[Round "5"]
[White "Yemelin, Vasily"]
[Black "Shaposhnikov, Evgeny"]
[Result "1-0"]
[WhiteElo "2495"]
[BlackElo "2320"]

1.e4 c5 2.Nf3 e6 3.d4 cxd4 4.Nxd4 a6 5.Bd3 Nf6 6.O-O Qc7 7.c4 Nc6 8.Be3 Ne5
9.h3 d6 10.f4 Nxd3 11.Qxd3 Be7 12.Nc3 O-O 13.a4 b6 14.f5 Bd7 15.Rad1 Rac8
16.b3 Rfe8 17.Bg5 Qc5 18.Kh1 Rcd8 19.Qg3 Nh5 20.Qh4 Bxg5 21.Qxg5 Nf6 22.Rd3 h6
23.Qh4 e5 24.Rg3 Kh7 25.Nf3 Rf8 26.Nd5 Nxd5 27.Ng5+ Kg8 28.f6 Ne3 29.fxg7 Nxf1
30.gxf8=Q+ Rxf8 31.Ne6+  1-0

[Event "Petrov mem"]
[Site "St Petersburg"]
[Date "1996.??.??"]
[Round "6"]
[White "Shaposhnikov, Evgeny"]
[Black "Sirotkina, Nina"]
[Result "1-0"]
[WhiteElo "2320"]
[BlackElo "2245"]

1.e4 c5 2.Nf3 e6 3.d4 cxd4 4.Nxd4 a6 5.Bd3 Nf6 6.O-O Qc7 7.c4 d6 8.Nc3 Nbd7
9.Re1 Ne5 10.Bf1 Bd7 11.b3 b5 12.f4 b4 13.Nce2 Ng6 14.f5 Ne5 15.fxe6 fxe6
16.Nf4 Qc8 17.a3 bxa3 18.Bxa3 Be7 19.Nf3 Nxf3+ 20.Qxf3 O-O 21.e5 Ne8 22.Bd3 dxe5
23.Bxe7 Rxf4 24.Qh5 g6 25.Qxe5 Rf7 26.Rf1 Qc7 27.Qd4 Rxf1+ 28.Rxf1 Ng7 29.Bd6 Qb7
30.Qf6 Qc8 31.Be4  1-0

[Event "SVK-chT9596"]
[Site "?"]
[Date "1996.??.??"]
[Round "5"]
[White "Lipka, Juraj"]
[Black "Petrik, Karol"]
[Result "1/2-1/2"]
[WhiteElo "2345"]
[BlackElo "2260"]

1.e4 c5 2.Nf3 e6 3.d4 cxd4 4.Nxd4 a6 5.Bd3 Ne7 6.O-O Nbc6 7.Nxc6 Nxc6 8.Be3 Ne5
9.Be2 Qc7 10.Nd2 b5 11.a4 b4 12.Kh1 h5 13.Bf4 g5 14.Bxg5 Ng4 15.Nf3 Bg7 16.Rb1 Bb7
17.Bd3 Rc8 18.Bh4 Qa5 19.Qe2 Qxa4 20.Bg3 Qc6 21.h3 Nf6 22.Ne5 Qc5 23.Nc4 Bf8
24.Be5 Rh6 25.Bf4 Rg6 26.f3 h4 27.Be3 Qc7 28.Bb6 Qb8 29.Bf2 Nh5 30.e5 Rxg2
31.Qe3 Rg3 32.Bxg3 Nxg3+ 33.Kh2 Nxf1+ 34.Rxf1 Bd5 35.b3 Rc5 36.f4 a5 37.Rg1 Bxc4
38.Rg8 Qc7 39.Bxc4 a4 40.Qg1 Rxc4 41.bxc4 Qxc4 42.Qb6 Qxf4+ 43.Kg1 Qxe5 44.Qxb4 Qe3+
45.Kg2 Qe2+ 46.Kg1 Qd1+ 47.Kf2 Qxc2+ 48.Ke1 Qc1+ 49.Ke2 Qh6 50.Qb8+ Ke7 51.Qb4+ d6
52.Qb7+ Kf6 53.Qf3+ Ke7 54.Qb7+ Kf6 55.Qf3+  1/2-1/2

[Event "Tampere We Taraus op"]
[Site "Tampere"]
[Date "1996.??.??"]
[Round "2"]
[White "Kytoniemi, Jyrki"]
[Black "Vooremaa, Andres"]
[Result "1/2-1/2"]
[WhiteElo "2220"]
[BlackElo "2270"]

1.e4 c5 2.Nf3 e6 3.d4 cxd4 4.Nxd4 a6 5.Bd3 Nc6 6.Nxc6 dxc6 7.O-O e5 8.Be3 Nf6
9.h3 Be6 10.Nd2 Qc7 11.Qe2 Nd7 12.Bc4 Bxc4 13.Nxc4 b5 14.Nd2 Be7 15.Rfc1 O-O
16.c4 Qb7 17.Nb3 Rfc8 18.Na5 Qc7 19.Nb3 Nb6 20.Nd2 Qb7 21.a3 Nd7 22.c5 Nf8
23.Nf3 Qc7 24.b4 Bf6 25.a4 Rcb8 26.a5 Rd8 27.Rd1 Ne6 28.g3 Kf8 29.Kg2 Ke8
30.Ra2 Rxd1 31.Qxd1 Rd8 32.Rd2 Be7 33.Rxd8+ Nxd8 34.Qa1 f6 35.Qa2 Nf7 36.Qe6 Qd7
37.Qxd7+ Kxd7 38.h4 g6 39.Ne1 f5 40.f3 Ke6 41.Nd3 fxe4 42.fxe4 Bf8 43.Ne1 h6
44.Kf3 Bg7 45.Ke2 Kf6 46.Nf3 h5 47.Ne1 Bh6 48.Bxh6 Nxh6 49.Nf3 Nf7 50.Ke3 Nd8
51.Ng5 Ne6 52.Nxe6  1/2-1/2

[Event "Tapolca (Women)"]
[Site "Tapolca"]
[Date "1996.??.??"]
[Round "9"]
[White "Paraminski, Albina"]
[Black "Kiss, Fernanda"]
[Result "1-0"]
[WhiteElo "2215"]
[BlackElo "2160"]

1.e4 c5 2.Nf3 e6 3.d4 cxd4 4.Nxd4 a6 5.Bd3 Bc5 6.Nb3 Ba7 7.O-O d6 8.Qe2 Nc6
9.Be3 Bxe3 10.Qxe3 Nf6 11.c4 O-O 12.Nc3 Qc7 13.Be2 Bd7 14.f4 Rac8 15.Rac1 Qb8
16.Rfd1 Rcd8 17.Rd2 Bc8 18.Rcd1 h6 19.Bf3 Qc7 20.Na4 b5 21.cxb5 axb5 22.Qb6 Qxb6+
23.Nxb6 Ne8 24.Nxc8 Rxc8 25.Rc1 Na7 26.Rxc8 Nxc8 27.Rc2 Nb6 28.Nd4 b4 29.Nc6 b3
30.axb3 Nf6 31.Ne7+ Kh7 32.Rc6 Nbd7 33.Rxd6 Re8 34.Nc6 Nc5 35.e5 Nd5 36.b4 Nd3
37.Be4+  1-0

[Event "Tel Aviv Cup rapid"]
[Site "Tel Aviv"]
[Date "1996.??.??"]
[Round "1"]
[White "Stisis, Yaacov"]
[Black "Oratovsky, Michael"]
[Result "1-0"]
[WhiteElo "2380"]
[BlackElo "2485"]

1.e4 c5 2.Nf3 e6 3.d4 cxd4 4.Nxd4 a6 5.Bd3 g6 6.c4 Bg7 7.Nb3 Ne7 8.Nc3 Nbc6
9.O-O O-O 10.Bf4 d5 11.exd5 exd5 12.c5 Ne5 13.Re1 N7c6 14.Bf1 Be6 15.Nd4 Nxd4
16.Bxe5 Bxe5 17.Rxe5 Nc6 18.Re1 Qa5 19.Nxd5 Rad8 20.Nf6+ Kg7 21.Qf3 Nd4 22.Qf4 Qxc5
23.Rac1 Qf5  1-0

[Event "Tel Aviv Cup rapid"]
[Site "Tel Aviv"]
[Date "1996.??.??"]
[Round "1"]
[White "Stisis, Yaacov"]
[Black "Oratovsky, Michael"]
[Result "0-1"]
[WhiteElo "2380"]
[BlackElo "2485"]

1.e4 c5 2.Nf3 e6 3.d4 cxd4 4.Nxd4 a6 5.Bd3 g6 6.c4 Bg7 7.Nb3 Nc6 8.Nc3 Nge7
9.O-O O-O 10.Be2 f5 11.f3 f4 12.g3 g5 13.g4 b6 14.Bd2 d6 15.Be1 Ng6 16.Bf2 Qc7
17.Rc1 Nce5 18.Nd4 Rb8 19.Na4 h5 20.h3 hxg4 21.hxg4 Rf6 22.b4 Bf8 23.Nb3 Qh7
24.Qe1 Qh3 25.Bd4 Nh4 26.Qf2 Rh6 27.Bxe5 dxe5 28.c5 Rb7  0-1

[Event "CRO-chT2"]
[Site "Tucepi"]
[Date "1996.??.??"]
[Round "?"]
[White "Velcheva, Maria"]
[Black "Stanic, Jadranka"]
[Result "1-0"]
[WhiteElo "2270"]
[BlackElo "2075"]

1.e4 c5 2.Nf3 e6 3.d4 cxd4 4.Nxd4 a6 5.Bd3 Qc7 6.O-O Nf6 7.c4 Nc6 8.Nxc6 bxc6
9.Qe2 Bc5 10.e5 Ng8 11.Bd2 f6 12.Qh5+ Kf8 13.exf6 Bd4 14.fxg7+ Bxg7 15.Nc3 Nf6
16.Qh4 d5 17.Rfe1 Bd7 18.cxd5 cxd5 19.Rac1 Qb7 20.Na4 Bc8 21.Ba5 Ne8 22.Nb6 Rb8
23.Bb4+ Kf7 24.Rxc8 Rxc8 25.Nxc8 Bf6 26.Qh5+ Kg7 27.Qg4+ Kf7 28.Qxe6+ Kg7
29.Qg4+ Kf7 30.Rxe8  1-0

[Event "CRO-chT"]
[Site "Tucepi"]
[Date "1996.??.??"]
[Round "?"]
[White "Leko, Peter"]
[Black "Hulak, Krunoslav"]
[Result "1/2-1/2"]
[WhiteElo "2625"]
[BlackElo "2545"]

1.e4 c5 2.Nf3 e6 3.d4 cxd4 4.Nxd4 a6 5.Bd3 Bc5 6.Nb3 Ba7 7.O-O Ne7 8.Nc3 Nbc6
9.Kh1 O-O 10.f4 f6 11.Qe2 d5 12.exd5 exd5 13.Bd2 Nb4 14.Be3 Bxe3 15.Qxe3 Re8
16.Nd4 Nec6 17.Qf2 Qb6 18.Nxc6 Qxf2 19.Rxf2 bxc6 20.Na4 Nxd3 21.cxd3 Bf5
22.Nc5 Re3 23.Rd2 Rae8 24.Kg1 a5 25.h3 h5 26.Kf2 d4 27.Rc1 g5 28.fxg5 fxg5
29.Ne4 Bxe4 30.dxe4 R3xe4 31.Rc5 R8e5 32.Rxe5 Rxe5 33.Rxd4 Rc5 34.Ke3 Kf7
35.Kd3 Ke6 36.Rc4 Rd5+ 37.Kc3 Kd6 38.Rd4 Kc5 39.Rxd5+ Kxd5 40.a4 c5 41.b3 h4
42.Kd3 Kd6  1/2-1/2

[Event "CRO-chT"]
[Site "Tucepi"]
[Date "1996.??.??"]
[Round "?"]
[White "Krivec, Jana"]
[Black "Bocina, Marija"]
[Result "1/2-1/2"]
[WhiteElo "2080"]
[BlackElo "2010"]

1.e4 c5 2.Nf3 e6 3.d4 cxd4 4.Nxd4 a6 5.Bd3 Qc7 6.O-O Nc6 7.Nxc6 dxc6 8.f4 e5
9.f5 Bc5+ 10.Kh1 h5 11.Qe2 Nf6 12.Be3 Bb6 13.Nd2 Bxe3 14.Qxe3 Ng4 15.Qg3 f6
16.Be2 Kf8 17.Bxg4 hxg4 18.Qxg4 Bd7 19.Rf3 Be8 20.Rh3 Rxh3 21.Qxh3 Qf7 22.Nb3 Rd8
23.Qe3 Qe7 24.h3 Bf7 25.Re1 Bxb3 26.axb3 c5 27.Re2 Rd1+ 28.Kh2 Qd6 29.g4 Qd4
30.Kg3 Kf7 31.Kf2 Rh1 32.Qxd4 cxd4 33.c3 dxc3 34.bxc3 Rxh3 35.Re3 Rh2+ 36.Kf3 Rd2
37.Re2 Rd3+ 38.Re3 Rd2 39.Kg3 Ke7 40.Kf3  1/2-1/2

[Event "CRO-chT2"]
[Site "Tucepi"]
[Date "1996.??.??"]
[Round "?"]
[White "Csoke, Krisztian"]
[Black "Martic, Zlatko"]
[Result "0-1"]
[WhiteElo "2250"]
[BlackElo "2295"]

1.e4 c5 2.Nf3 e6 3.d4 cxd4 4.Nxd4 a6 5.Bd3 Nf6 6.O-O Qc7 7.Qe2 d6 8.Kh1 g6
9.f4 Bg7 10.c3 O-O 11.Be3 Nbd7 12.Nb3 b5 13.a4 Bb7 14.N1d2 e5 15.axb5 axb5
16.f5 Rxa1 17.Rxa1 Ra8 18.Rxa8+ Bxa8 19.fxg6 hxg6 20.Bg5 b4 21.cxb4 d5 22.b5 Qa7
23.Qe1 dxe4 24.Nxe4 Bxe4 25.Bxe4 Qa4 26.Bc2 Qxb5 27.Kg1 Ng4 28.h3 Qb6+ 29.Kh1 Nf2+
30.Kh2 e4 31.Bf4 Bxb2 32.Qd2 Be5 33.Bxe5 Nxe5 34.Qa5 Qf6 35.Kg1 e3 36.Qe1 Nxh3+
37.Kh2 Nf4 38.Be4 Ng4+ 39.Kg1 Qb6 40.Bf3 e2+ 41.Kh1 Qf2  0-1